| 000 | 00684cab a2200229 4500 | ||
|---|---|---|---|
| 001 | WB3501-19 | ||
| 008 | 090401t1999 xxu||||| |||| 00| 0 eng d | ||
| 035 | _a(Sirsi) u90546 | ||
| 041 | _aeng | ||
| 245 | _aProperty on shaky foundations | ||
| 260 | _c1999 | ||
| 350 | _a0 | ||
| 490 |
_aIndependent _v5 January 1999, 17(1) |
||
| 520 | _aCity analysts are predicting that property stocks will continue their poor run into 1999, with smaller developers likely to fare the worst. | ||
| 650 | _aFORECASTS | ||
| 650 | _aPROPERTY MARKET | ||
| 650 | _aSTOCKMARKET | ||
| 650 | _aSTOCKS | ||
| 690 | _aPROPERTY-PROPERTY FINANCE AND INVESTMENT | ||
| 942 | _n0 | ||
| 948 | _c06/01/1999 | ||
| 999 |
_c57416 _d57416 |
||